|
|
|
|
| LEADER |
00000nab a2200000 a 4500 |
| 001 |
vtls010252600 |
| 003 |
SK-MaSNL |
| 005 |
20260304220010.0 |
| 008 |
25050719c2005 xo o e slol |
| 035 |
|
|
|a SVKKK000055087
|
| 035 |
|
|
|a urn:nbn:sk:snk-abf61r
|
| 035 |
|
|
|a (urnnbn)urn:nbn:sk:snk:ar-001vcs
|
| 035 |
|
|
|a (uuid)bc63b60d-c7f9-4e60-9471-1f95904680b0
|
| 038 |
|
|
|a SVKKK
|
| 040 |
|
|
|a SNKBUCL
|b slo
|c SNKBUCL
|e AACR2
|
| 041 |
0 |
|
|a slo
|
| 044 |
|
|
|a xo
|c SK
|
| 080 |
|
|
|a 551.44
|2 1997
|
| 100 |
1 |
|
|a Nudzíková, Ľubica
|4 aut
|9 815054
|
| 245 |
1 |
0 |
|a Krátke správy a aktuality
|b Návštevnosť sprístupnených jaskýň v roku 2004
|c Ľubica Nudzíková, Ľudovít Gaál
|
| 300 |
|
|
|b Tab.
|
| 650 |
0 |
7 |
|a jaskyne
|2 snkbucl
|9 20772
|
| 700 |
1 |
|
|a Gaál, Ľudovít,
|d 1953-
|4 aut
|9 6553
|
| 773 |
0 |
|
|t Aragonit
|g Č. 10 (2005), s. 59
|x 1335-213X
|
| 850 |
|
|
|a Slovenská národná knižnica
|
| 852 |
|
|
|a Slovenská národná knižnica
|
| 954 |
|
|
|a odborná, vedecká literatúra pôvodná (slovenská)
|2 lita
|
| 958 |
|
|
|a article2022
|
| 958 |
|
|
|a OND
|
| 958 |
|
|
|a EUIPO
|
| 999 |
|
|
|c 3149366
|d 3151296
|